Culture Générale - Série 1897 - Statistiques

Statistiques générales
  • Ce quiz a été pris 72 fois
  • Le résultat moyen est 4 sur 10
Statistiques - réponses
Question Réponse % Correct
Quel mot anglais signifiant "chope" désigne une tasse, un mazagran ? mug
80%
Dans le corps humain, qu'est-ce qu'un scalène ? muscle
58%
Quel animal est la "sittelle" ? oiseau
55%
Petit moulinet de bois, datant du Moyen Age, au son aigre et insupportable, utilisé pour avertir de la présence de lépreux crécelle
49%
Qui a écrit la pièce "Ubu roi" en 1896 ? Alfred Jarry
46%
Comment s'appelle l'agrume proche du citron qui peut mesurer jusqu'à 25 cm de long et peser 4 kg ? voir photo cédrat
25%
Dans quel département français se trouve la ville de Nexon ? Haute-Vienne
17%
Dans la mythologie grecque, qui est le père de Pan ? Hermès
9%
Dans quel pays africain coule le fleuve "Sanaga" également appelé Djerem dans son cours supérieur ? Cameroun
6%
Quel mot synonyme de "Lolita" désigne une très jeune fille au physique attrayant et aux manières aguicheuses nymphette
5%
Aucun quiz correspondant
Distribution des résultats
% des personnes avec chaque résultat
Percentile par nombre de réponses
Votre historique - résultats
Vous n’avez pas pris ce quiz